Purén indómito

Збережено в:
Бібліографічні деталі
Автор: Arias de Saavedra, Diego (Автор)
Формат: Книга
Мова:Іспанська
Опубліковано: Concepción Universidad de Concepción 1984
Concepción Biblioteca Nacional 1984
Серія:Biblioteca Antigua Chilena, 1
Предмети:
Теги: Додати тег
Немає тегів, Будьте першим, хто поставить тег для цього запису!

MARC

LEADER 00000nam a2200000 a 4500
001 UCM1013
003 CL-VaPUC
008 020322e19840000cl |||||||||||||||||spa|d
082 0 4 |a Ch861  |b ARI  |2 21 
100 0 |a Arias de Saavedra, Diego  |e author  |9 468034 
245 1 0 |a Purén indómito 
300 |a 816 p 
942 |c BK 
945 |d 20020322 00:00:00  |a cmena 
260 |a Concepción  |b Universidad de Concepción  |c 1984 
260 |a Concepción  |b Biblioteca Nacional  |c 1984 
650 0 |a Poesías chilenas   |9 265280 
650 7 |a POESIAS EPICAS CHILENAS  |2 CL-VaPUC  |9 468035 
583 |a last modification  |c 20171220 02:22:48  |k Rodrigo Vera 
490 0 |a Biblioteca Antigua Chilena, 1 
999 |c 299736  |d 299734 
952 |0 0  |1 0  |4 0  |6 CH_861_000000000000000_ARI_1984_1984  |7 0  |8 A  |9 356636  |a BIBEDU  |b BIBEDU  |d 2019-11-21  |i 3800261  |o Ch861 ARI 1984 1984  |p 3800261  |r 2019-11-21  |w 2019-11-21  |y BK  |k LIT